000 00333nam a2200133Ia 4500
005 20251222141915.0
008 251222s9999||||xx |||||||||||||| ||spa||
020 _a978-84-368-2451-3
082 _a657.48/W24
100 _aWanden-Berghe Lozano, José Luis
245 0 _aContabilidad Financiera I
264 _bPirámide
942 _cLIB
999 _c8530
_d8530